| 000 | 01538nam0a2200361 4500 | ||
|---|---|---|---|
| 001 | RU\NLR\bibl\1369083 | ||
| 005 | 20250615190131.0 | ||
| 010 |
_a978-5-469-00943-6 _93500 |
||
| 021 |
_aRU _b2009-21508 _91272 |
||
| 035 | _a(nilc)RSL-KNO-004266690 | ||
| 035 | _a(NLR Aleph) 001361223 | ||
| 090 |
_a982492 _c982492 |
||
| 100 | _a20090318d2009 |||y0rusy50 ca | ||
| 101 | 0 | _arus | |
| 102 | _aRU | ||
| 105 | _ay dm ||||| | ||
| 200 | 1 |
_aВозрастная психология _e[краткий курс] _fЕ. А. Сорокоумова |
|
| 210 |
_aСанкт-Петербург [и др.] _cПитер _d2009 |
||
| 215 |
_a208 с. _d21 |
||
| 225 | 1 | _aКраткий курс | |
| 320 | _aБиблиогр. в конце тем | ||
| 606 | 1 |
_aВозрастная психология _jУчебные издания для высших учебных заведений _92084978 _3RU\NLR\auth\661261081 |
|
| 610 | 2 | _aПсихология -- Общая психология -- Возрастная психология -- Учебник для высшей школы | |
| 686 |
_aЮ937.4я73-1 _2rubbk |
||
| 686 | _aЮ983.4я73 | ||
| 686 | _aЮ937.4я73 | ||
| 700 | 1 |
_4070 _7ca _8rus _aСорокоумова _bЕ. А. _cд-р психол. наук, социальная психология _f1951- _gЕлена Александровна _9232820 _3RU\NLR\AUTH\770232876 |
|
| 801 | 0 |
_aRU _bРГБ _c20090318 _grcr |
|
| 801 | 1 |
_aRU _bРГБ _c20090318 |
|
| 801 | 2 |
_aRU _bNLR _c20090514 _grcr |
|
| 942 | _cBOOK | ||
| 980 | _aNB | ||